000 00552nam a2200205Ia 4500
003 BUBTL
008 151213s9999 xx 000 0 und d
020 _a978-81-7671-065-7
082 _a338.5VAI
100 _aVarian,Hal R.
_91379
245 _aIntermediate Microeconomics :
_cHal R Varian
250 _a8th ed.
260 _aNew Delhi :
_bW W Norton & Company,
_cc2010.
300 _axxiv,739 p. :
_c23 cm.
650 _aEconomics
650 _aEconomics
856 _k0
_l0
_yDownload
942 _2ddc
_cBK
999 _c4929
_d4929